Competition commission cases : (Record no. 88718)

MARC details
000 -LEADER
fixed length control field 00599nam a22001817a 4500
005 - DATE AND TIME OF LATEST TRANSACTION
control field 20140922145221.0
010 ## - LCCN (DPL NO)
LC control number ENG-110884
020 ## - INTERNATIONAL STANDARD BOOK NUMBER
International Standard Book Number 9789351431237
Terms of availability 795.00
035 ## - SYSTEM CONTROL NUMBER
System control number EN-94416
037 ## - SOURCE OF ACQUISITION
Source of stock number/acquisition DBAD/PUB
082 ## - DEWEY DECIMAL CLASSIFICATION NUMBER
Classification number 343.0721
100 ## - MAIN ENTRY--PERSONAL NAME
Personal name Sharma, K.K.
245 ## - TITLE STATEMENT
Title Competition commission cases :
Statement of responsibility, etc by K.K. Sharma
Remainder of title a compendium of CCI cases from 2009 to 2014 /
260 ## - PUBLICATION, DISTRIBUTION, ETC. (IMPRINT)
Place of publication, distribution, etc Gurgaon
Name of publisher, distributor, etc Lexis Nexis
Date of publication, distribution, etc 2014
270 ## - ADDRESS
Address 14th Floor, Building No.10, Tower-B, DLF Cyber City, Phase-II
City Gurgaon
Postal code 122002
300 ## - PHYSICAL DESCRIPTION
Extent xxix,357p.
Dimensions 24cm(Hb)
942 ## - ADDED ENTRY ELEMENTS (KOHA)
Source of classification or shelving scheme Dewey Decimal Classification
Item type English Books
Call number suffix SHA
Classification part 343.0721
Holdings
Withdrawn status Lost status Not for loan Collection code Home library Current library Date acquired Source of acquisition Cost, normal purchase price Full call number Barcode Copy number Cost, replacement price Koha item type
    Not For Loan Non-fiction D.B.Act.Division D.B.Act.Division 17/09/2014 DBAD/PUB 795.00 343.0721 SHA EN-94416 1 795.00 English Books

© Delhi Public Library
Hit Counter
free hit counter